| 000 | 01456nam a2200397 i 4500 | ||
|---|---|---|---|
| 001 | 56165 | ||
| 003 | KOSZ 005 | ||
| 005 | 20220114102125.0 | ||
| 008 | 090408s2008 pl f |001 0 pol | ||
| 040 |
_cKOSZ 005 _aKOSZ 005 _dKOSZ 005/HR |
||
| 041 | 0 |
_apol _beng |
|
| 044 | _aPOL | ||
| 046 | _k2008 | ||
| 080 | _a532 | ||
| 080 | _a661.12 | ||
| 080 | _a519.87 | ||
| 100 | 1 |
_aHenczka, Marek _eAutor |
|
| 245 | 1 | 0 |
_aModelowanie procesów wytwarzania proszków przy użyciu płynów w stanie nadkrytycznym / _cMarek Henczka. |
| 260 |
_aWarszawa : _bOficyna Wydawnicza Politechniki Warszawskiej, _c2008. |
||
| 300 |
_a202 s. : _bil. (w tym kolor.) ; _c24 cm. |
||
| 380 | _aKsiążki | ||
| 380 | _aPublikacje naukowe | ||
| 388 | _a2001- | ||
| 490 | 1 |
_aPrace Wydziału Inżynierii Chemicznej i Procesowej Politechniki Warszawskiej, _x1234-4354 ; _vT.32, z.3 |
|
| 500 | _aOpis wg okł. | ||
| 504 | _aBibliogr. s. 185-199. | ||
| 546 | _aStreszcz. ang. | ||
| 650 | 9 | _aModele matematyczne | |
| 650 | 4 | _aMechanika płynów | |
| 650 | 4 | _aPrzemysł farmaceutyczny | |
| 658 | _aInżynieria i technika | ||
| 710 | 2 | _aOficyna Wydawnicza Politechniki Warszawskiej | |
| 830 | 0 |
_aPrace Wydziału Inżynierii Chemicznej i Procesowej - Politechnika Warszawska. _vT. 32, z. 3 |
|
| 856 |
_uhttp://koha.tu.koszalin.pl/cgi-bin/koha/opac-detail.pl?biblionumber=56165 _yKatalog online BPK |
||
| 942 |
_cKS _2UKD |
||
| 999 |
_c56165 _d56165 |
||